| 000 | 00424nam a2200181Ia 4500 | ||
|---|---|---|---|
| 008 | 170918s9999 xx 000 0 und d | ||
| 020 | _a9780440406938 | ||
| 050 | _bN739 1997 | ||
| 245 | _aNoah's ark / | ||
| 245 | _cillustrated by Peter Spier. | ||
| 260 | _aNew York : | ||
| 260 | _bRandom House, | ||
| 260 | _c1997 | ||
| 300 | _aunpaged : | ||
| 300 | _bcolored illustration ; | ||
| 300 | _c20cm. | ||
| 500 | _a100 | ||
| 999 |
_c343041 _d343041 |
||